[Event "SUI-ch op"]
[Site "Luzern"]
[Date "1994.07.17"]
[Round "4"]
[White "Haas, Carmi"]
[Black "Ziswiler, Peter"]
[Result "0-1"]
[WhiteElo "2207"]
[BlackElo "1990"]
[PlyCount "36"]
[EventDate "1994.07.14"]
[EventType "swiss"]
[EventRounds "9"]
[EventCountry "SUI"]
[SourceTitle "EXT 1999"]
[Source "ChessBase"]
[SourceDate "1998.11.16"]
[SourceVersion "1"]
[SourceVersionDate "1998.11.16"]
[SourceQuality "1"]

1. c4 Nf6 2. Nc3 g6 3. g3 Bg7 4. Bg2 0-0 5. Nf3 c6 6. 0-0 d5 7. cxd5 cxd5 8. Qb3 Nc6 9. d4 Na5 10. Qb4 Nc6 11. Qa3 Bg4 12. Rd1 Bxf3 13. Bxf3 e6 14. Bf4 Ne8 15. e3 g5 16. Be5 f6 17. e4 fxe5 18. Bg4 Nxd4 0-1